| 000 -LEADER |
| fixed length control field |
00580nam a22001937a 4500 |
| 008 - FIXED-LENGTH DATA ELEMENTS--GENERAL INFORMATION |
| fixed length control field |
151021b xxu||||| |||| 00| 0 eng d |
| 020 ## - INTERNATIONAL STANDARD BOOK NUMBER |
| International Standard Book Number |
013079922X |
| 041 0# - LANGUAGE CODE |
| Language code of text/sound track or separate title |
eng |
| 080 ## - UNIVERSAL DECIMAL CLASSIFICATION NUMBER |
| Universal Decimal Classification number |
336.33 |
| 100 1# - Rafti |
| Rafti |
Fabozzi, Frank J. |
| 245 10 - TITLE STATEMENT |
| Title |
Bond markets, analysis and strategies / |
| Statement of responsibility, etc |
Frank J. Fabozzi & T. Dessa Fabozzi. |
| 260 ## - |
| -- |
Englewood Cliffs, N.J. : |
| -- |
Prentice Hall, |
| -- |
1989. |
| 300 ## - |
| -- |
xix, 347 f. : |
| -- |
me il.; |
| -- |
24 cm. |
| 650 #0 - |
| -- |
Obligacionet |
| 650 #0 - |
| -- |
Analiza e investimeve |
| 650 #0 - |
| -- |
Menaxhimi i portfolios |
| 700 1# - |
| -- |
Fabozzi, T. Dessa, |
| 942 ## - ADDED ENTRY ELEMENTS (KOHA) |
| Source of classification or shelving scheme |
|
| Item type |
Books |